Asian Splendour: (Record no. 53588)

MARC details
000 -LEADER
fixed length control field 01519nam a22002777a 4500
005 - DATE AND TIME OF LATEST TRANSACTION
control field 20110704124851.0
020 ## - INTERNATIONAL STANDARD BOOK NUMBER
International Standard Book Number 8182636000
Terms of availability 90.00
020 ## - INTERNATIONAL STANDARD BOOK NUMBER
International Standard Book Number 9788182636002
Terms of availability 90.00
035 ## - SYSTEM CONTROL NUMBER
System control number B-432139-143
037 ## - SOURCE OF ACQUISITION
Stock number DPL
Source of stock number/acquisition Blue Berry
082 ## - DEWEY DECIMAL CLASSIFICATION NUMBER
Classification number S
100 ## - MAIN ENTRY--PERSONAL NAME
Personal name Pande, Hema
245 ## - TITLE STATEMENT
Title Asian Splendour:
Statement of responsibility, etc Retold by Hema Pande; illustrated by Dipto Narayan Chatterjee
Remainder of title Folktales from Asia
250 ## - EDITION STATEMENT
Edition statement 2nd
260 ## - PUBLICATION, DISTRIBUTION, ETC. (IMPRINT)
Place of publication, distribution, etc New Delhi
Name of publisher, distributor, etc Pratham Books
Date of publication, distribution, etc 2011
270 ## - ADDRESS
Address 633-634, 4th "C" Main, 6th 'B' Cross, OMBR Layout, Banaswadi
City Bangalore
Postal code 560043
Telephone number 011-65684113
300 ## - PHYSICAL DESCRIPTION
Extent 72p.
Other physical details ill.
Dimensions 23 cm.(pbk)
700 ## - ADDED ENTRY--PERSONAL NAME
9 (RLIN) 29160
942 ## - ADDED ENTRY ELEMENTS (KOHA)
Source of classification or shelving scheme Dewey Decimal Classification
Item type Children Books
Classification part S
Call number suffix ASI
Holdings
Withdrawn status Lost status Not for loan Collection code Home library Current library Date acquired Source of acquisition Cost, normal purchase price Full call number Barcode Copy number Cost, replacement price Koha item type
      Fiction Central Library Central Library 20/07/2011 Blue Berry/6363/25.3.11/83/21.3.11/31.3.11 90.00 S ASI B-432139 1 90.00 Children Books
      Fiction Karol Bagh Karol Bagh 20/07/2011 Blue Berry/6363/25.3.11/83/21.3.11/31.3.11 90.00 S ASI B-432142 1 90.00 Children Books
      Fiction Patel Nagar Patel Nagar 20/07/2011 Blue Berry/6363/25.3.11/83/21.3.11/31.3.11 90.00 S ASI B-432140 1 90.00 Children Books
      Fiction Sarojini Nagar Sarojini Nagar 20/07/2011 Blue Berry/6363/25.3.11/83/21.3.11/31.3.11 90.00 S ASI B-432141 1 90.00 Children Books
      Fiction Shahdara Branch Shahdara Branch 20/07/2011 Blue Berry/6363/25.3.11/83/21.3.11/31.3.11 90.00 S ASI B-432143 1 90.00 Children Books

© Delhi Public Library
Hit Counter
free hit counter